Estadísticas para Países con el Mayor Porcentaje de Muertes en la Segunda Guerra Mundial

Haz click aquí para tomar la prueba!

Estadísticas generales

  • Esta prueba ha sido tomada 1.496 veces
  • La puntuación promedio es 6 de 14

Estadísticas de respuestas

%TotalPaís% Correcto
8.25,700,000Alemania
98%
12.713,950,000Rusia
94%
17.15,950,000Polonia
86%
16.36,850,000Ucrania
62%
25.32,290,000Bielorrusia
54%
12.5250,000Letonia
48%
14.4370,000Lituania
48%
9.1657,000Grecia
45%
8.3300,000Georgia
24%
10.7660,000Kazajistán
22%
9.1300,000Azerbaiyán
21%
8.4550,000Uzbekistán
19%
14.7500Nauru
15%
11.555,000Timor Oriental
8%

Distribución de puntuación

Porcentaje por número respondido

Porcentaje de gente con cada puntuación

Historial de tus puntuaciones

No has tomado esta prueba